00702nam a2200193 a 450000100100000000500170001000800410002702000150006804000250008308200130010810000340012124501040015526000340025930000200029349000300031383000370034395201110038099900170049100002621020200930024409.0091125s1999 ag 000 0 spa d a9500913585 aDO-SdBNPbspacBNPHU axxxbxxx1 aGonzález, Eduardo A.95321913aLa santísima trinidad. :bcatequesis y triduo de trisagio a la Trinidad /cEduardo A. González. aArgentina :bPaulinas,c1999. a23 p. ;c14 cm.1 aMinilibros Catequéticos 0aMinilibros Catequéticos953220 001050718MOaGRbGRcCTd2011-03-04iLF1l0oxxx xxxp26210-10r2020-06-25w2020-06-25y1ZNo se presta c25702d25702